000 00470nam a22001577a 4500
005 20250209150356.0
008 250209b |||||||| |||| 00| 0 eng d
020 _a9780340691458
050 _aRD35
_b.B74
100 _aBrowse, Norman L.
245 _aAn Introduction to the Symptoms and Signs of Surgical Disease/
_cNorman L. Browse
250 _a3rd ed.
260 _aLondon
_bBookPower
_c1997
300 _a456p.
_bill. some color
_c24.5cm
942 _2lcc
_cBK
_e3rd ed.
_n0
999 _c3755
_d3755